| 000 | 01146cam a2200241 4500 | ||
|---|---|---|---|
| 001 | ABS65156 | ||
| 008 | 020311n2002 000 0 eng u | ||
| 035 | _a(Sirsi) u117086 | ||
| 100 |
_aNicholas _vJ. |
||
| 245 | _aStandardising the repair of flood-damaged properties | ||
| 260 | _c2002 | ||
| 490 |
_aBuilding Engineer _vMarch 2002, 34-36(3) |
||
| 520 | _aDiscusses the need to benchmark the assessment of flood damage caused to domestic properties. Argues it is important to consider a dwelling's condition prior to it being flooded as this provides a useful comparison when any repair work is carried out. Also the level and quantity of repair work needs to be standardised to try to reduce the subjective perceptive of individual building engineers. To attempt to determine future benchmarks, an internet based questionnaire has been produced. For details: http://www.wlv.ac.uk/sebe/flooding | ||
| 590 | _aABS | ||
| 650 | _aFLOODING | ||
| 650 | _aDOMESTIC PROPERTY | ||
| 650 | _aFLOOD DAMAGE | ||
| 650 | _aDWELLING | ||
| 650 | _aBENCHMARKING | ||
| 650 | _aREPAIR AND MAINTENANCE | ||
| 690 | _aHOUSING-DEVELOPMENT | ||
| 942 | _n0 | ||
| 999 |
_c69754 _d69754 |
||